000 00256nam a22001097a 4500
082 _a621.38103 ENC'S
100 _aSUSSKIND, C
_960493
245 _aTHE ENCYCLOPEDIA OF ELECTRONICS
260 _aNEWYORK
_bREINHOLD
_c1962
300 _aXXI,974P
942 _cBK
999 _c570198
_d570198